[Event "AUTO-ADV-4913"]
[Site "http://www.queenalice.com/game.php?id=1868186"]
[Date "2026.1.19"]
[Round "1"]
[White "fbenevides2019"]
[Black "silverado"]
[Result "0-1"]
[WhiteElo "1838"]
[BlackElo "1900"]

1. d4 d5 2. h3 Nf6 3. Nc3 e6 4. a3 c5 5. dxc5 Bxc5 6. e3 a6 7. Nf3 Nc6 8. Bd3
O-O 9. O-O e5 10. Be2 e4 11. Nd2 b5 12. b4 Bb6 13. Nb3 Bb7 14. Bb2 Qd6 15. Bg4
Bc7 16. g3 g6 17. Nc5 Bc8 18. Bxc8 Raxc8 19. Nxa6 Na7 20. Nxc7 Rxc7 21. Qe2 Rfc8
22. Qd2 Rc4 23. Rfd1 Rd8 24. Ne2 g5 25. Bd4 Nc6 26. Bb6 Rd7 27. Bc5 Qe5 28. c3
h6 29. Bd4 Nxd4 30. cxd4 Qf5 31. g4 Qf3 32. Ng3 Rdc7 33. Qe2 Kh7 34. Qxf3 exf3
35. Nf1 Rc2 36. Nd2 Rb2 37. Nxf3 Ne4 38. Rf1 f6 39. Ne1 Nd2 40. Nd3 Nf3+ 41. Kg2
Nh4+ 42. Kg3 Rb3 43. Nc5 Rc3 44. Rfe1 f5 45. gxf5 Nxf5+ 46. Kg4 Rf7 47. Rec1 Rc4
48. Rxc4 dxc4 49. Ne4 Nxd4 50. Ra2 Nf5 51. Rd2 Kg6 52. Rd5 h5+ 53. Kf3 Ne7+ 54.
Ke2 Nxd5 55. Nd6 Rf6 56. Nxb5 c3 57. Nd4 Ra6 58. Nc2 Kf5 59. f3 Ke5 60. Kd3 Rc6
61. a4 Nb6 62. a5 Na4 63. Ke2 Rd6 64. Nd4 Nb2 65. b5 Kd5 66. b6 Nc4 67. Nb3 Kc6
68. Nd4+ Kb7 69. Kd3 Nxa5 70. Kxc3 Kxb6 71. e4 Nc6 72. Nf5 Rf6 73. Kd3 Ne5+ 74.
Ke3 Nc4+ 75. Kf2 Kc5 76. Ng3 h4 77. Nf5 Ne5 78. Ke3 Ra6 79. f4 Ra3+ 80. Kf2 gxf4
81. Nxh4 Rxh3 82. Nf5 f3 83. Ng3 Kd4 84. Nf5+ Kxe4 85. Nd6+ Kf4 0-1

[Event "AUTO-ADV-4868"]
[Site "http://www.queenalice.com/game.php?id=1870535"]
[Date "2026.3.13"]
[Round "2"]
[White "EdsonEstevam"]
[Black "fbenevides2019"]
[Result "0-1"]
[WhiteElo "1721"]
[BlackElo "1826"]

1. e4 e5 2. Nf3 d6 3. d3 h6 4. Nc3 Nc6 5. g3 Nf6 6. Bg2 Bg4 7. b3 Bxf3 8. Bxf3
Nd4 9. Bb2 c5 10. Bg2 Qa5 11. O-O Nb5 12. Re1 Nxc3 13. Qd2 b5 14. Bxc3 b4 15.
Bb2 Qb5 16. a4 Qd7 17. Re3 a5 18. h3 Be7 19. g4 Nh7 20. Rg3 Bh4 21. Rf3 Ng5 22.
Re3 O-O 23. Rf1 Ne6 24. c3 Nf4 25. Bc1 Nxg2 26. Kxg2 Bg5 27. f4 exf4 28. Ref3
Qe6 29. Qc2 Qe5 30. Bd2 d5 31. exd5 Qxd5 32. Rh1 Rae8 33. Re1 Rxe1 34. Bxe1 Re8
35. Qd1 Bf6 36. d4 cxd4 37. cxb4 axb4 38. Bxb4 Qe4 39. a5 Qb7 40. Bc5 Rd8 41.
Kf2 g5 42. Rd3 Qe4 43. a6 Qc6 44. Bxd4 Bxd4+ 45. Rxd4 Rxd4 46. Qxd4 Qxa6 47. b4
Qa2+ 48. Kf3 Qa3+ 49. Ke4 Qxh3 50. Kf5 Qh5 51. b5 Qg6+ 0-1

[Event "AUTO-ADV-4868"]
[Site "http://www.queenalice.com/game.php?id=1870536"]
[Date "2026.3.13"]
[Round "2"]
[White "fbenevides2019"]
[Black "EdsonEstevam"]
[Result "1-0"]
[WhiteElo "1812"]
[BlackElo "1758"]

1. d4 d5 2. e3 Nf6 3. h3 e6 4. a3 Nc6 5. Bb5 Bd7 6. Bxc6 Bxc6 7. Nc3 g6 8. Nf3
Bg7 9. O-O Qe7 10. Qd3 O-O 11. Ne5 Ne4 12. Nxe4 dxe4 13. Qc3 Qd6 14. Nxc6 bxc6
15. Qb3 Rab8 16. Qa4 Ra8 17. Bd2 Rfb8 18. Rab1 c5 19. Bc3 Qd5 20. Ra1 Bf8 21. b4
a6 22. bxc5 c6 23. Bb4 Rb5 24. Bd2 e5 25. c3 Be7 26. c4 1-0

[Event "AUTO-ADV-4936"]
[Site "http://www.queenalice.com/game.php?id=1873344"]
[Date "2026.5.13"]
[Round "1"]
[White "fbenevides2019"]
[Black "maurice916"]
[Result "1-0"]
[WhiteElo "1792"]
[BlackElo "1916"]

1. d4 d6 2. e4 Nf6 3. Nc3 c6 4. Bg5 Bg4 5. Be2 Bxe2 6. Qxe2 Nbd7 7. e5 dxe5 8.
dxe5 Ng8 9. Nf3 h6 10. Bd2 e6 11. a3 Bc5 12. O-O Ne7 13. Ne4 Bb6 14. c3 O-O 15.
Nd6 Rb8 16. b4 Ng6 17. c4 Bc7 18. Ra2 Nb6 19. c5 Nd5 20. a4 Nge7 21. Nh4 Nc8 22.
Qg4 Kh8 23. Qh5 b6 24. Nxf7+ Rxf7 25. Qxf7 Qe7 26. Qxe7 Ndxe7 27. Bc3 Nd5 28.
Rc1 Nxc3 29. Rxc3 Bxe5 30. Re3 Bf6 31. g3 Ne7 32. Rxe6 Nd5 33. b5 bxc5 34. bxc6
Kh7 35. Rd6 Rb1+ 36. Kg2 Nb4 37. c7 Nxa2 38. c8=Q Rb2 39. Qxc5 Nb4 40. Qxa7 Na2
41. Rxf6 Nc3 42. Nf5 Ne4 43. Qxg7# 1-0

[Event "AUTO-ADV-4936"]
[Site "http://www.queenalice.com/game.php?id=1873345"]
[Date "2026.5.13"]
[Round "1"]
[White "maurice916"]
[Black "fbenevides2019"]
[Result "0-1"]
[WhiteElo "1892"]
[BlackElo "1835"]

1. Nf3 d6 2. d4 h6 3. c4 Nf6 4. Nc3 a6 5. b4 c6 6. Bb2 Be6 7. e4 Qb6 8. a3 Bg4
9. c5 dxc5 10. dxc5 Qc7 11. Be2 e6 12. O-O Bxf3 13. Bxf3 e5 14. Qc2 Be7 15. Rad1
O-O 16. a4 a5 17. Ba3 axb4 18. Bxb4 Na6 19. Na2 Nxb4 20. Nxb4 Qa5 21. Qb3 Qxc5
22. Nd3 Qa7 23. Ra1 Bd6 24. Rab1 Rab8 25. Qc4 Rfe8 26. Be2 Rbc8 27. Rfd1 Rcd8
28. Kh1 Qd4 29. Qxd4 exd4 30. Rxb7 Nxe4 31. Bf3 Ra8 32. Bxe4 Rxe4 33. Ne1 Rxa4
34. Nf3 c5 35. g3 Re2 36. Kg2 Raa2 37. Rf1 g5 38. g4 Ra3 39. Rd7 Bf4 40. h3 Kg7
41. Rd5 Rc3 42. Ne1 Kf6 43. Rf5+ Ke6 44. Nf3 f6 45. Ra1 Bd6 46. Ra6 Rcc2 47.
Rxf6+ Kxf6 48. Rxd6+ Re6 49. Rd5 Rc3 50. h4 gxh4 51. Nxh4 d3 52. Rf5+ Kg7 53.
Rd5 c4 54. Nf5+ Kh7 55. Nh4 Re7 56. f3 Rc2+ 57. Kg3 d2 58. Rd6 c3 59. Nf5 Rf7
60. Rxh6+ Kg8 61. Rg6+ Kf8 62. Nd6 Rxf3+ 63. Kxf3 d1=Q+ 64. Kg3 Qd3+ 0-1

[Event "AUTO-ADV-4936"]
[Site "http://www.queenalice.com/game.php?id=1873346"]
[Date "2026.5.13"]
[Round "1"]
[White "fbenevides2019"]
[Black "Carlos19"]
[Result "1-0"]
[WhiteElo "1810"]
[BlackElo "1680"]

1. d4 Nf6 2. Nf3 Nc6 3. e3 h6 4. Bb5 a6 5. Bxc6 bxc6 6. Nc3 e6 7. a3 c5 8. d5
exd5 9. Nxd5 c6 10. Nxf6+ Qxf6 11. c3 d6 12. h3 g5 13. g4 d5 14. Qe2 c4 15. Bd2
a5 16. Nd4 Bb7 17. Nf5 O-O-O 18. O-O-O Ba6 19. f4 Bd6 20. fxg5 hxg5 21. e4 Rde8
22. Nxd6+ Qxd6 23. Bxg5 Rxe4 24. Qf3 Rf8 25. Bd2 f6 26. h4 Kc7 27. Rde1 Rxe1+
28. Rxe1 Rf7 29. Bf4 f5 30. Bxd6+ Kb6 31. Qf2+ Kb7 32. Re7+ Rxe7 33. Bxe7 fxg4
34. Qg3 c5 35. Bxc5 Kc6 36. Bd4 a4 37. Qxg4 1-0